Manual de derecho laboral
Guardado en:
| Autor Principal: | |
|---|---|
| Formato: | Libro |
| Idioma: | Spanish |
| Publicado: |
Ciudad Autónoma de Buenos Aires :
Abeledo Perrot,
2018
|
| Edición: | 13º ed. 1º reimp. |
| Materias: | |
| Etiquetas: |
Agregar Etiqueta
Sin Etiquetas, Sea el primero en etiquetar este registro!
|
| LEADER | 00541nam a22001575a 4500 | ||
|---|---|---|---|
| 001 | DER.der013638 | ||
| 008 | 180615s2018####ag#||||||||||||||#||spa|| | ||
| 005 | 20251008182743.0 | ||
| 245 | 1 | 0 | |a Manual de derecho laboral |s edición 2017 : revisada y actualizada / |c Julio Armando Grisolía. |
| 250 | |a 13º ed. 1º reimp. | ||
| 260 | |a Ciudad Autónoma de Buenos Aires : |b Abeledo Perrot, |c 2018 | ||
| 300 | |a 1111 p. | ||
| 020 | |a 9789875923331 | ||
| 100 | 1 | |a Grisolía, Julio Armando | |
| 653 | |a DERECHO LABORAL | ||
| 859 | |a DERECHO |b BIB. DERECHO |h 344 |i GRI |p 008678 |t 1 | ||
